书目信息 |
| 题名: |
慕尼黑
|
|
| 作者: | 特尔福特.泰勒 著 ;石益仁 译 | |
| 分册: | 下 | |
| 出版信息: | 北京 新华出版社 1984.4 |
|
| 页数: | 621-1559页 | |
| 开本: | 20cm | |
| 丛书名: | ||
| 单 册: | ||
| 中图分类: | K105 | |
| 科图分类: | ||
| 主题词: | 世界史:通史 | |
| 电子资源: | ||
| ISBN: | ||
| 000 | 00645nam0 2200217 45 | |
| 001 | 0312221749 | |
| 005 | 20040507111024.0 | |
| 010 | @dCNY6.502 | |
| 100 | @a20031222d1984 km y0chiy0120 ea | |
| 101 | @achi | |
| 105 | @a z 000yy | |
| 200 | 1 | @a慕尼黑@e和平的代价@EHe Ping De Dai Jia@h下@AMu Ni Hei@f(美)特尔福特.泰勒著@F(Mei)Te Er Fu Te.Tai Le Zhu@g石益仁译 |
| 210 | @a北京@c新华出版社@d1984.4 | |
| 215 | @a621-1559页@d20cm | |
| 517 | @a和平的代价@AHe Ping De Dai Jia | |
| 606 | 0 | @a世界史:通史 |
| 690 | @aK105@v3 | |
| 701 | 0 | @a特尔福特.泰勒@4著 |
| 702 | 0 | @a石益仁@4译 |
| 801 | @aCN@bTSTCL@c20031222 | |
| 905 | @dK105@e26:2@f1@b130499 | |
| 慕尼黑:和平的代价.下/(美)特尔福特.泰勒著/石益仁译.-北京:新华出版社,1984.4 |
| 621-1559页;20cm |
| ISBN :CNY6.502 |
| ● |
| 相关链接 |
|
|
|
|
正题名:慕尼黑
索取号:K105/26:2
 
预约/预借
| 序号 | 登录号 | 条形码 | 馆藏地/架位号 | 状态 | 备注 |
| 1 | 0130499 | 001416756 | 密集书库/ [索取号:K105/26:2] | 在馆 | |
| 2 | 0130500 | 001416765 | 第二样本阅览室/ [索取号:K105/26:2] | 在馆 |